| 000 | 00605nam a2200229 a 4500 | ||
|---|---|---|---|
| 001 | BRCA_4256 | ||
| 005 | 20190320204613.0 | ||
| 008 | 150610s1972----gw-a######---#000-0#ger-# | ||
| 020 | _a3795102448 | ||
| 020 | _a3423008318 | ||
| 041 | _ager | ||
| 044 | _agw | ||
| 050 | 4 |
_aPT743 _b.E54 1972 |
|
| 100 | 1 |
_aEngelmann, Bernt _910978 |
|
| 245 | 1 | 0 |
_aDie Macht am Rhein _bMeine Freunde, die Geldgiganten _cBernt Engelmann. |
| 260 |
_aMĂșnich _bDeutsher Taschenbuch _c1972 |
||
| 300 |
_a246 p. (v.2) _bil. _c18 cm. |
||
| 500 | _aAM69 | ||
| 650 | 1 | 4 |
_aNovela alemana _910979 |
| 902 | _aGFM | ||
| 942 |
_2lcc _cB |
||
| 999 |
_c3967 _d3967 |
||